| 000 | 01002cam a22003134a 4500 | ||
|---|---|---|---|
| 001 | 13196202 | ||
| 005 | 20141218112708.0 | ||
| 008 | 030513r20042013xxkak fr2b 001 0 eng d | ||
| 010 | _a2003053175 | ||
| 020 | _a0521661145 | ||
| 020 | _a0521667704 (pb.) | ||
| 020 | _a9780521667708 | ||
| 040 |
_aDLC _cDLC _dDLC _dEG-ScBUE |
||
| 082 | 0 | 0 |
_a415 _222 _bCRO |
| 100 | 1 |
_aCroft, William _936981 |
|
| 245 | 1 | 0 |
_aCognitive linguistics / _cWilliam Croft and D. Alan Cruse. |
| 250 |
_a1st ed., _breprinted. |
||
| 260 |
_aCambridge, United Kingdom ; _aNew York, United States : _bCambridge University Press, _c2004. |
||
| 300 |
_axv, 356 p. : _bforms, tables ; _c24 cm. |
||
| 490 | 0 | _aCambridge textbooks in linguistics | |
| 500 | _aIncludes indexes. | ||
| 500 | _aReprint of the 2004 ed. | ||
| 504 | _aBibliography : p. [330]-343. | ||
| 650 | 0 |
_aCognitive grammar _936982 |
|
| 653 |
_bEEENG _cDecember2014 |
||
| 655 |
_vreading book _934232 |
||
| 700 | 1 |
_aCruse, D. A. _936983 |
|
| 942 |
_2ddc _k415 CRO |
||
| 999 |
_c18796 _d18768 |
||